000 00573nam a2200193Ia 4500
005 20250326141916.0
008 250326s9999 xx 000 0 und d
020 _a0-631-18189-X
037 _aTextbook
040 _aFMSL
_beng
_cFMSL
041 _aeng
_2eng
084 _aX:74.1 N2
_qFMSL
100 _aBuckley Peter J
245 0 _aServicing international markets: competitive strategies of firms
_cBuckley Peter J And Others
260 _aOxford
_bOxford, Blackwell
_c1992
300 _axii,336
942 _cTB
_hX:74.1 N2
999 _c1292563
_d1292563